[Event "AUT_chT"]
[Site "2005/2006"]
[Date "2005.11.19"]
[Round "2"]
[White "Voloshin, Leonid"]
[Black "Gyimesi, Zoltan"]
[Result "1/2-1/2"]
[WhiteElo "2466"]
[BlackElo "2602"]
[PlyCount "46"]
[EventDate "2005.10.??"]
[EventType "team"]
[EventRounds "11"]
[EventCountry "AUT"]
[WhiteTeam "Sparkasse Goetzis"]
[BlackTeam "Union Ansfelden"]
[WhiteTeamCountry "AUT"]
[BlackTeamCountry "AUT"]

1. d4 Nf6 2. c4 e6 3. Nc3 Bb4 4. Qc2 O-O 5. a3 Bxc3+ 6. Qxc3 b6 7. Bg5 h6 8.
Bh4 Ba6 9. Qf3 Nc6 10. Bxf6 Qxf6 11. Qxf6 gxf6 12. e3 Ne7 13. O-O-O Rfd8 14.
Nf3 Bb7 15. Be2 Kf8 16. b3 c5 17. Kb2 Rac8 18. Rhg1 d6 19. Rd2 Bxf3 20. Bxf3
cxd4 21. Rxd4 Ng6 22. Rgd1 Ke7 23. g3 Rc5 1/2-1/2

[Event "AUT_chT"]
[Site "2005/2006"]
[Date "2005.11.19"]
[Round "2"]
[White "Eisenbeiser, Amadeus"]
[Black "Babula, Vlastimil"]
[Result "0-1"]
[WhiteElo "2373"]
[BlackElo "2585"]
[PlyCount "94"]
[EventDate "2005.10.??"]
[EventType "team"]
[EventRounds "11"]
[EventCountry "AUT"]
[WhiteTeam "Sparkasse Goetzis"]
[BlackTeam "Union Ansfelden"]
[WhiteTeamCountry "AUT"]
[BlackTeamCountry "AUT"]

1. e4 c5 2. c4 d6 3. Ne2 Nf6 4. Nbc3 e6 5. d4 cxd4 6. Nxd4 Be7 7. g3 O-O 8. Bg2
Qc7 9. O-O a6 10. b3 Nbd7 11. Bb2 Rb8 12. Rc1 b6 13. Qe2 Bb7 14. Kh1 Rbc8 15.
f4 Rfe8 16. Nf3 Qb8 17. Rfe1 Nc5 18. Nd2 Qa8 19. b4 Ncd7 20. a3 Rc7 21. Rg1
Rec8 22. e5 Bxg2+ 23. Rxg2 Ne8 24. exd6 Nxd6 25. Nce4 Nf5 26. Qd3 a5 27. Qb3
axb4 28. axb4 Ra7 29. Re2 Ra4 30. Bc3 Bxb4 31. Kg1 Bxc3 32. Qxc3 Ra3 33. Qb4
Ra4 34. Qc3 Qc6 35. Ree1 Nc5 36. Nf2 Rd8 37. Nf3 Qa8 38. Ra1 h5 39. Ng5 Ne3 40.
Nge4 Nxe4 41. Rxa4 Qxa4 42. Qxe3 Nxf2 43. Qxf2 Qb4 44. Ra1 Rd2 45. Qf3 g6 46.
Qa8+ Kg7 47. Qe4 Qc5+ 0-1

[Event "AUT_chT"]
[Site "2005/2006"]
[Date "2005.11.19"]
[Round "2"]
[White "Stanec, Nikolaus"]
[Black "Schmidlechner, Alexander"]
[Result "1-0"]
[WhiteElo "2543"]
[BlackElo "2245"]
[PlyCount "145"]
[EventDate "2005.10.??"]
[EventType "team"]
[EventRounds "11"]
[EventCountry "AUT"]
[WhiteTeam "Union Ansfelden"]
[BlackTeam "Sparkasse Goetzis"]
[WhiteTeamCountry "AUT"]
[BlackTeamCountry "AUT"]

1. Nf3 f5 2. g3 Nf6 3. Bg2 g6 4. c4 Bg7 5. Nc3 d6 6. O-O O-O 7. d3 Nc6 8. Rb1
Nh5 9. Bd2 f4 10. Ne4 fxg3 11. fxg3 Bg4 12. Nf2 Bd7 13. b4 Qc8 14. b5 Nd4 15.
Nxd4 Bxd4 16. e3 Bg7 17. a4 c6 18. a5 Rb8 19. Qb3 c5 20. Bc3 Bh6 21. Rbe1 Be6
22. Bb2 Nf6 23. Qc3 Bg7 24. Rc1 Rf7 25. Qe1 Qd7 26. Bxf6 Bxf6 27. Ne4 Bh3 28.
Qe2 Bxg2 29. Qxg2 Rbf8 30. Rf3 Qd8 31. Rcf1 Qxa5 32. Qh3 Kg7 33. Qe6 h6 34. g4
Qd8 35. g5 hxg5 36. Nxg5 Qc8 37. Qxc8 Rxc8 38. Nxf7 Kxf7 39. Ra1 Ra8 40. Ra4 a5
41. bxa6 bxa6 42. Rf2 a5 43. Ra3 Rb8 44. Kg2 Ke6 45. Kf3 Be5 46. Rxa5 Rh8 47.
Rg2 Kf7 48. Raa2 Rh3+ 49. Ke4 Rh4+ 50. Kd5 Rh5 51. Kc6 Rh3 52. Raf2+ Kg7 53.
Re2 Kf7 54. Kd7 Rh4 55. Ref2+ Bf6 56. Rf4 Rh3 57. Re4 g5 58. Rf2 Kg6 59. Ke6
Rh8 60. Rg4 Rh3 61. Rg3 Rh4 62. h3 Rh8 63. Rff3 Kh5 64. Rxf6 exf6 65. Kxf6 Rg8
66. Ke6 Rg6+ 67. Ke7 Kh4 68. Rf3 Rh6 69. d4 g4 70. hxg4 Kxg4 71. Rf6 Rh3 72.
Kxd6 Rxe3 73. Kxc5 1-0

[Event "AUT_chT"]
[Site "2005/2006"]
[Date "2005.11.19"]
[Round "2"]
[White "Kranz, Armin"]
[Black "Weiss, Christian"]
[Result "0-1"]
[WhiteElo "2182"]
[BlackElo "2437"]
[PlyCount "79"]
[EventDate "2005.10.??"]
[EventType "team"]
[EventRounds "11"]
[EventCountry "AUT"]
[WhiteTeam "Sparkasse Goetzis"]
[BlackTeam "Union Ansfelden"]
[WhiteTeamCountry "AUT"]
[BlackTeamCountry "AUT"]

1. d4 Nf6 2. Nf3 g6 3. c4 Bg7 4. Nc3 O-O 5. g3 d6 6. Bg2 Nbd7 7. O-O e5 8. h3
c6 9. e4 a6 10. Be3 Re8 11. Qc2 b5 12. dxe5 dxe5 13. b4 Nb6 14. Rfd1 Bd7 15.
Nd2 bxc4 16. Bf1 Qb8 17. a4 Be6 18. Rab1 Qc7 19. a5 Nbd7 20. Nxc4 h5 21. Na4
Bf8 22. Kh2 Nxe4 23. Qxe4 Bf5 24. Qf3 Bxb1 25. Rxb1 h4 26. Ncb6 hxg3+ 27. fxg3
Rad8 28. Bc4 Re7 29. Bg5 e4 30. Qf2 Ne5 31. Bf4 g5 32. Bxe5 Qxe5 33. Qe3 Bh6
34. Bxa6 f5 35. Nc4 Qf6 36. Nc5 Kh8 37. Rf1 f4 38. gxf4 gxf4 39. Qb3 f3 40. Ne3
0-1

[Event "AUT_chT"]
[Site "2005/2006"]
[Date "2005.11.20"]
[Round "3"]
[White "Babula, Vlastimil"]
[Black "Stohl, Igor"]
[Result "1/2-1/2"]
[WhiteElo "2585"]
[BlackElo "2538"]
[PlyCount "22"]
[EventDate "2005.10.??"]
[EventType "team"]
[EventRounds "11"]
[EventCountry "AUT"]
[WhiteTeam "Union Ansfelden"]
[BlackTeam "Styria Graz - Kl.Zeitung"]
[WhiteTeamCountry "AUT"]
[BlackTeamCountry "AUT"]

1. d4 Nf6 2. c4 c6 3. Nc3 d5 4. Nf3 e6 5. Bg5 Nbd7 6. e3 Qa5 7. Nd2 dxc4 8.
Bxf6 Nxf6 9. Nxc4 Qc7 10. Rc1 Be7 11. g3 O-O 1/2-1/2

[Event "AUT_chT"]
[Site "2005/2006"]
[Date "2005.11.20"]
[Round "3"]
[White "Weiss, Christian"]
[Black "Brestian, Egon"]
[Result "0-1"]
[WhiteElo "2437"]
[BlackElo "2399"]
[PlyCount "92"]
[EventDate "2005.10.??"]
[EventType "team"]
[EventRounds "11"]
[EventCountry "AUT"]
[WhiteTeam "Union Ansfelden"]
[BlackTeam "Styria Graz - Kl.Zeitung"]
[WhiteTeamCountry "AUT"]
[BlackTeamCountry "AUT"]

1. d4 Nf6 2. g3 d5 3. Nf3 c6 4. Bg2 Bf5 5. O-O e6 6. c4 Nbd7 7. Nbd2 h6 8. b3
Be7 9. Bb2 Ne4 10. Ne1 Nxd2 11. Qxd2 O-O 12. Nd3 b5 13. Rfc1 bxc4 14. bxc4 Rb8
15. c5 Bxd3 16. exd3 Bf6 17. Bc3 Qc8 18. Rab1 Rxb1 19. Rxb1 Qa6 20. Rb3 Rb8 21.
Bf1 Rxb3 22. axb3 Qb7 23. b4 Nb8 24. Be2 Na6 25. Bd1 Nc7 26. Ba4 Nb5 27. Bxb5
Qxb5 28. Kf1 Qa4 29. Ke2 Qb3 30. h4 h5 31. Qc1 Qa2+ 32. Kf3 a6 33. Kg2 Qe2 34.
Qe3 Qc2 35. Be1 Qb2 36. Qf3 Qxd4 37. Kf1 Qg4 38. Qe3 Bd4 39. Qc1 Qf3 40. Qa3
Qd1 41. Qxa6 Bc3 42. Qxc6 Qxe1+ 43. Kg2 g6 44. Qa8+ Kg7 45. c6 Bd4 46. Qa2 Qxb4
0-1

[Event "AUT_chT"]
[Site "2005/2006"]
[Date "2005.11.20"]
[Round "3"]
[White "Balinov, Ilija"]
[Black "Knoll, Hermann"]
[Result "1-0"]
[WhiteElo "2455"]
[BlackElo "2361"]
[PlyCount "122"]
[EventDate "2005.10.??"]
[EventType "team"]
[EventRounds "11"]
[EventCountry "AUT"]
[WhiteTeam "Styria Graz - Kl.Zeitung"]
[BlackTeam "Union Ansfelden"]
[WhiteTeamCountry "AUT"]
[BlackTeamCountry "AUT"]

1. e4 e5 2. Nf3 Nc6 3. Bb5 a6 4. Ba4 Nf6 5. O-O Be7 6. Re1 b5 7. Bb3 d6 8. c3
O-O 9. d4 Bg4 10. Be3 h6 11. h3 Bc8 12. Nbd2 Bb7 13. a3 Re8 14. Qb1 Bf8 15. Qa2
Qd7 16. Bc2 g6 17. Rad1 Qe7 18. b4 Bg7 19. d5 Nb8 20. c4 c6 21. Bb3 Nbd7 22. c5
dxc5 23. d6 Qf8 24. bxc5 g5 25. Nh2 a5 26. Nhf1 a4 27. Bc2 Nh5 28. Ng3 Nxg3 29.
fxg3 Bc8 30. Nf1 Nf6 31. Bd2 Be6 32. Qb2 Nd7 33. Bb4 f6 34. Ne3 Qf7 35. Rf1 Bf8
36. Rd2 Kh8 37. Qc1 Bg7 38. Kh2 Rg8 39. Bd1 Rgf8 40. Be2 Rab8 41. Qd1 Bb3 42.
Qb1 Be6 43. Qd1 Bb3 44. Qe1 Be6 45. Bf3 Qg6 46. Nf5 Qe8 47. Ne7 Ra8 48. Qd1 Bb3
49. Qc1 Bc4 50. Rfd1 Ra6 51. Bg4 Bf7 52. Qc3 Qd8 53. Qf3 Re8 54. Qf5 Nf8 55.
Qc8 Qxc8 56. Nxc8 Rd8 57. d7 Bb3 58. Rd6 Bxd1 59. Rxd1 Ra8 60. Ne7 Ra7 61. Nxc6
Rdxd7 1-0

[Event "AUT_chT"]
[Site "2005/2006"]
[Date "2005.11.20"]
[Round "3"]
[White "Rotstein, Arkadij"]
[Black "Voloshin, Leonid"]
[Result "1/2-1/2"]
[WhiteElo "2520"]
[BlackElo "2466"]
[PlyCount "172"]
[EventDate "2005.10.??"]
[EventType "team"]
[EventRounds "11"]
[EventCountry "AUT"]
[WhiteTeam "Tschaturanga Neubau"]
[BlackTeam "Sparkasse Goetzis"]
[WhiteTeamCountry "AUT"]
[BlackTeamCountry "AUT"]

1. c4 e6 2. g3 d5 3. Bg2 dxc4 4. Qa4+ Bd7 5. Qxc4 Bc6 6. Nf3 Nf6 7. O-O Be7 8.
Qc2 O-O 9. Nc3 b5 10. d3 a6 11. a4 b4 12. Ne4 Nd5 13. Ne5 Bb7 14. Nc5 Bxc5 15.
Qxc5 f6 16. Nc4 Nd7 17. Qa5 Nb8 18. e4 Nc6 19. Qc5 Qe7 20. Qxe7 Ndxe7 21. Be3
Rfd8 22. Rfd1 Nd4 23. Na5 Rab8 24. Bxd4 Rxd4 25. Rac1 Rd7 26. Nxb7 Rxb7 27. d4
Kf7 28. Rc5 Rb8 29. Bf1 Rb6 30. a5 Rbd6 31. Rdc1 Rxd4 32. Bxa6 c6 33. Bf1 Rxe4
34. a6 Red4 35. R1c4 e5 36. Ra5 Ra7 37. Ra4 Rdd7 38. Rcxb4 Nd5 39. Rb8 Ke7 40.
Ra3 Kd6 41. Rab3 Nc7 42. Ra3 Ne6 43. Bh3 Rdc7 44. Bxe6 Kxe6 45. Rb6 Kd5 46. b4
c5 47. Ra5 Kd4 48. bxc5 Rxc5 49. Rxc5 Kxc5 50. Rb7 Rxa6 51. Rxg7 h5 52. Rh7 Kd5
53. Rxh5 Ke6 54. Rh7 e4 55. Rh4 Ra1+ 56. Kg2 f5 57. Rh6+ Kf7 58. Rb6 Ra2 59.
Rb3 Kg6 60. Re3 Kg5 61. h3 Rb2 62. Kf1 Ra2 63. Re2 Ra1+ 64. Kg2 Ra3 65. Rb2 Kg6
66. h4 Kh6 67. Kf1 Kg6 68. Ke2 Kh6 69. Rb6+ Kg7 70. Rd6 Rb3 71. h5 Ra3 72. h6+
Kh7 73. Rf6 Rf3 74. Re6 Ra3 75. Kf1 Ra1+ 76. Kg2 Ra2 77. Kf1 Ra1+ 78. Ke2 Ra3
79. Kf1 Ra1+ 80. Kg2 Ra2 81. g4 fxg4 82. Kg3 Ra3+ 83. Kh4 Rf3 84. Kg5 Rxf2 85.
Re7+ Kh8 86. Kg6 Rf8 1/2-1/2

[Event "AUT_chT"]
[Site "2005/2006"]
[Date "2005.11.20"]
[Round "3"]
[White "Dobosz, Henryk"]
[Black "Rotshtein, Efim"]
[Result "1/2-1/2"]
[WhiteElo "2433"]
[BlackElo "2410"]
[PlyCount "101"]
[EventDate "2005.10.??"]
[EventType "team"]
[EventRounds "11"]
[EventCountry "AUT"]
[WhiteTeam "Sparkasse Goetzis"]
[BlackTeam "Tschaturanga Neubau"]
[WhiteTeamCountry "AUT"]
[BlackTeamCountry "AUT"]

1. d4 f5 2. Nc3 d5 3. Bg5 Nf6 4. f3 c6 5. Qd2 Nbd7 6. e4 fxe4 7. fxe4 dxe4 8.
Bc4 Nb6 9. Bb3 Bf5 10. Nge2 e6 11. O-O-O Nbd5 12. h3 Bb4 13. a3 Ba5 14. Qe1 O-O
15. Ng3 Qd6 16. Ngxe4 Qc7 17. Bd2 Rae8 18. Nxf6+ gxf6 19. Rf1 Bg6 20. Qh4 Bxc3
21. bxc3 Qe7 22. Kb2 b5 23. Rf3 Nb6 24. Rdf1 Nc4+ 25. Bxc4 bxc4 26. Rxf6 Rb8+
27. Kc1 Qxa3+ 28. Kd1 Bxc2+ 29. Ke1 Rb1+ 30. Kf2 Rxf1+ 31. Kxf1 Rxf6+ 32. Qxf6
Qf8 33. Qxf8+ Kxf8 34. Bc1 Ke7 35. Ke2 Kd6 36. Ba3+ Kd5 37. Ke3 Bd3 38. Bb4 Be4
39. g4 e5 40. dxe5 Kxe5 41. Ba5 Bd3 42. h4 Kd5 43. Bb4 c5 44. Ba3 Kc6 45. Kd2
Kb5 46. Kc1 Be2 47. Kc2 Bxg4 48. Bc1 Kc6 49. Be3 Kd5 50. Kb2 a5 51. Bg1 1/2-1/2

[Event "AUT_chT"]
[Site "2005/2006"]
[Date "2005.11.20"]
[Round "3"]
[White "Srienz, Christian"]
[Black "Eisenbeiser, Amadeus"]
[Result "1/2-1/2"]
[WhiteElo "2233"]
[BlackElo "2373"]
[PlyCount "97"]
[EventDate "2005.10.??"]
[EventType "team"]
[EventRounds "11"]
[EventCountry "AUT"]
[WhiteTeam "Tschaturanga Neubau"]
[BlackTeam "Sparkasse Goetzis"]
[WhiteTeamCountry "AUT"]
[BlackTeamCountry "AUT"]

1. e4 c5 2. Nf3 e6 3. d4 cxd4 4. Nxd4 a6 5. Bd3 Nf6 6. Nc3 Qc7 7. f4 d6 8. O-O
g6 9. Qe2 Bg7 10. Kh1 O-O 11. Bd2 Nfd7 12. Nf3 Nc6 13. a3 b5 14. Rae1 Bb7 15.
Nd1 Nc5 16. b4 Nxd3 17. cxd3 Nd4 18. Nxd4 Bxd4 19. Be3 Qb6 20. Qf2 Bxe3 21.
Nxe3 f5 22. Qa2 Rae8 23. exf5 gxf5 24. Rf2 Qd4 25. Qb3 Re7 26. Kg1 Rff7 27. Qb2
Qxb2 28. Rxb2 Rc7 29. Rc2 Rxc2 30. Nxc2 Rc7 31. Nd4 Bd5 32. Re2 Kf7 33. Rc2
Rxc2 34. Nxc2 e5 35. g3 Ba2 36. Kf2 Bb1 37. Ne1 e4 38. d4 Kg6 39. Ng2 Ba2 40.
Ne3 d5 41. h3 h5 42. g4 fxg4 43. hxg4 hxg4 44. Kg3 Kh5 45. Nxg4 Bc4 46. Ne3 Bb3
47. Ng4 Bc4 48. Ne3 Bb3 49. Ng4 1/2-1/2

[Event "AUT_chT"]
[Site "2005/2006"]
[Date "2005.11.20"]
[Round "3"]
[White "Schmidlechner, Alexander"]
[Black "Wukits, Rene"]
[Result "0-1"]
[WhiteElo "2245"]
[BlackElo "2321"]
[PlyCount "112"]
[EventDate "2005.10.??"]
[EventType "team"]
[EventRounds "11"]
[EventCountry "AUT"]
[WhiteTeam "Sparkasse Goetzis"]
[BlackTeam "Tschaturanga Neubau"]
[WhiteTeamCountry "AUT"]
[BlackTeamCountry "AUT"]

1. d4 d5 2. c4 e6 3. Nc3 c6 4. cxd5 exd5 5. Bf4 Bd6 6. Bg3 Ne7 7. e3 Bf5 8. Bd3
O-O 9. Nge2 Re8 10. O-O Qd7 11. Bxd6 Qxd6 12. b4 Nd7 13. b5 Nb6 14. bxc6 bxc6
15. e4 dxe4 16. Bxe4 Rad8 17. Rc1 Bxe4 18. Nxe4 Qe6 19. Qc2 Nf5 20. N4g3 Nxd4
21. Nxd4 Rxd4 22. Qxc6 Qxc6 23. Rxc6 g6 24. Rc2 Nd5 25. Rb1 Re6 26. Ne2 Rde4
27. Kf1 Kg7 28. Ng3 Ra4 29. Ne2 Rae4 30. Ng3 R4e5 31. Rcc1 h5 32. Re1 h4 33.
Rxe5 Rxe5 34. Nh1 Nc3 35. Rb3 Rc5 36. f4 Ne4 37. Re3 Rc1+ 38. Re1 Rxe1+ 39.
Kxe1 Nc3 40. a3 Nb1 41. a4 Nc3 42. a5 Nd5 43. g3 hxg3 44. hxg3 Ne7 45. Kd2 Nc6
46. Kc3 Nxa5 47. Kb4 Nc6+ 48. Kb5 Nd4+ 49. Ka6 Ne2 50. Kxa7 Kf6 51. Kb6 Kf5 52.
Kc5 Kg4 53. Kd6 Nxg3 54. Nf2+ Kxf4 55. Ke7 f5 56. Kf6 Ne4+ 0-1

[Event "AUT_chT"]
[Site "2005/2006"]
[Date "2005.11.20"]
[Round "3"]
[White "Wallis, Anton"]
[Black "Kleiser, Gregor"]
[Result "1/2-1/2"]
[WhiteElo "2165"]
[BlackElo "2263"]
[PlyCount "99"]
[EventDate "2005.10.??"]
[EventType "team"]
[EventRounds "11"]
[EventCountry "AUT"]
[WhiteTeam "Sparkasse Goetzis"]
[BlackTeam "Tschaturanga Neubau"]
[WhiteTeamCountry "AUT"]
[BlackTeamCountry "AUT"]

1. e4 c5 2. Nf3 e6 3. c3 d5 4. exd5 Qxd5 5. d4 Nf6 6. Bd3 Be7 7. O-O cxd4 8.
cxd4 O-O 9. Nc3 Qd6 10. Be3 Bd7 11. Ne5 Bc6 12. Rc1 Rd8 13. Qe2 Nbd7 14. Nxc6
bxc6 15. Rfd1 Nb6 16. Ne4 Nxe4 17. Bxe4 Nd5 18. Qc2 f5 19. Bf3 Rac8 20. Qe2 Bf6
21. g3 Re8 22. Qa6 f4 23. gxf4 Rc7 24. Rc5 Rec8 25. f5 Nxe3 26. fxe3 Bg5 27.
Qd3 exf5 28. Rxf5 Qh6 29. Kh1 g6 30. Re5 Rf8 31. Bg2 Kg7 32. Qe2 Rcf7 33. Rf1
Rxf1+ 34. Bxf1 Qh4 35. Bg2 Bd8 36. Re4 Qg5 37. Qg4 Qa5 38. Qe2 Qxa2 39. Bf3 Bf6
40. Kg2 Rb8 41. b4 Qb1 42. Qf1 Qxb4 43. Re6 c5 44. Rxf6 Kxf6 45. Bd5+ Kg7 46.
Qf7+ Kh6 47. Qf4+ Kg7 48. Qf7+ Kh6 49. Qf4+ Kg7 50. Qf7+ 1/2-1/2

[Event "AUT_chT"]
[Site "2005/2006"]
[Date "2005.11.20"]
[Round "3"]
[White "Likavsky, Tomas"]
[Black "Buhmann, Rainer"]
[Result "0-1"]
[WhiteElo "2493"]
[BlackElo "2546"]
[PlyCount "238"]
[EventDate "2005.10.??"]
[EventType "team"]
[EventRounds "11"]
[EventCountry "AUT"]
[WhiteTeam "Wulkaprodersdorf"]
[BlackTeam "Maria Saal"]
[WhiteTeamCountry "AUT"]
[BlackTeamCountry "AUT"]

1. d4 d5 2. c4 c6 3. Nf3 Nf6 4. e3 e6 5. Bd3 Nbd7 6. O-O Bd6 7. Nc3 O-O 8. e4
dxc4 9. Bxc4 b5 10. Bd3 e5 11. h3 Re8 12. Be3 Bb7 13. dxe5 Nxe5 14. Nxe5 Bxe5
15. Qc2 Qe7 16. Ne2 Bc7 17. Bc5 Qe5 18. f4 Qxc5+ 19. Qxc5 Bb6 20. Qxb6 axb6 21.
e5 Nd5 22. Ng3 Rad8 23. Be4 f6 24. Rae1 fxe5 25. fxe5 Bc8 26. Bb1 Re7 27. Nf5
Bxf5 28. Rxf5 g6 29. Rf2 Kg7 30. a3 Rde8 31. Rfe2 b4 32. a4 b3 33. Re4 Rd8 34.
Rc1 Nc7 35. Re3 Rd2 36. Rxb3 Rxe5 37. Rxc6 Nd5 38. Bd3 Re1+ 39. Bf1 Ne3 40.
Rxe3 Rxe3 41. Rxb6 Re1 42. Rb3 Ra1 43. Ra3 Rb1 44. a5 Rdd1 45. Rf3 Ra1 46. b4
Rdb1 47. g3 Rxb4 48. a6 Rb2 49. h4 Rba2 50. Rf2 Rxa6 51. Kg2 Rc6 52. Bd3 Rc3
53. Be4 Rd1 54. Bb7 Rd4 55. Ba8 h6 56. Rf3 Rc8 57. Bb7 Rc7 58. Ba6 Rc2+ 59. Rf2
Rc6 60. Bb5 Rb6 61. Be2 Rb3 62. Rf3 Rb2 63. Re3 Kf6 64. Kf1 Kf5 65. Ke1 g5 66.
hxg5 hxg5 67. Kf1 Rdd2 68. Ke1 Rd4 69. Kf1 Ra4 70. Kg1 Ra1+ 71. Kf2 Raa2 72.
Re8 Ra3 73. Rf8+ Ke5 74. Re8+ Kf6 75. Rf8+ Ke7 76. Rf3 Raa2 77. Re3+ Kf6 78.
Rf3+ Kg6 79. Re3 Rb4 80. Re8 Rbb2 81. Re6+ Kf5 82. Re8 Ra5 83. Rf8+ Kg6 84. Rf3
Re5 85. Re3 Rf5+ 86. Kg1 Kf6 87. Kg2 Ra2 88. Kh3 Rd2 89. Kg2 Rb2 90. Kh3 Rd5
91. Kg2 Rdd2 92. Kf2 Kf5 93. Re8 Rd4 94. Rf8+ Kg6 95. Re8 Kf6 96. Rf8+ Ke6 97.
Re8+ Kf7 98. Re3 Rb6 99. Rf3+ Kg7 100. Re3 Rh6 101. Kg2 Rd2 102. Kg1 Kf6 103.
Kg2 Kf5 104. Kg1 g4 105. Re8 Rh3 106. Kg2 Rb2 107. Re3 Rh8 108. Re7 Rd8 109.
Rf7+ Ke5 110. Kf1 Rdd2 111. Re7+ Kf5 112. Rf7+ Ke6 113. Bc4+ Ke5 114. Kg1 Rg2+
115. Kf1 Rgc2 116. Be2 Rxe2 117. Re7+ Kd4 118. Rxe2 Rxe2 119. Kxe2 Ke4 0-1

[Event "AUT_chT"]
[Site "2005/2006"]
[Date "2005.11.20"]
[Round "3"]
[White "Volkmann, Friedrich Karl"]
[Black "Ragger, Markus"]
[Result "1/2-1/2"]
[WhiteElo "2421"]
[BlackElo "2451"]
[PlyCount "47"]
[EventDate "2005.10.??"]
[EventType "team"]
[EventRounds "11"]
[EventCountry "AUT"]
[WhiteTeam "Wulkaprodersdorf"]
[BlackTeam "Maria Saal"]
[WhiteTeamCountry "AUT"]
[BlackTeamCountry "AUT"]

1. e4 e5 2. d4 exd4 3. Qxd4 Nc6 4. Qe3 Bb4+ 5. Bd2 Nf6 6. Nc3 O-O 7. O-O-O Re8
8. Qg3 Rxe4 9. a3 Bd6 10. f4 Re8 11. Bd3 Bc5 12. Nf3 d6 13. Rhe1 Rxe1 14. Rxe1
Ne7 15. Na4 Nf5 16. Bxf5 Bxf5 17. Nxc5 dxc5 18. Bc3 g6 19. Qh4 Ne4 20. Ng5 h5
21. Rd1 Qe7 22. Re1 Qd8 23. Rd1 Qe7 24. Re1 1/2-1/2

[Event "AUT_chT"]
[Site "2005/2006"]
[Date "2005.11.20"]
[Round "3"]
[White "Hoelzl, Franz"]
[Black "Sommerbauer, Norbert"]
[Result "0-1"]
[WhiteElo "2364"]
[BlackElo "2452"]
[PlyCount "86"]
[EventDate "2005.10.??"]
[EventType "team"]
[EventRounds "11"]
[EventCountry "AUT"]
[WhiteTeam "Maria Saal"]
[BlackTeam "Wulkaprodersdorf"]
[WhiteTeamCountry "AUT"]
[BlackTeamCountry "AUT"]

1. d4 d5 2. c4 dxc4 3. Nf3 e6 4. e3 b5 5. b3 cxb3 6. Bxb5+ c6 7. Bd3 Bb4+ 8.
Nfd2 bxa2 9. Rxa2 Nf6 10. O-O O-O 11. Qc2 Bb7 12. Ba3 c5 13. dxc5 Nc6 14. Bb2
Bxd2 15. Qxd2 a5 16. Bxf6 Qxf6 17. Be4 Qe5 18. Bf3 Qxc5 19. Rc2 Qb6 20. Bxc6
Bxc6 21. Qd6 Ra6 22. Nd2 Bd5 23. Qxb6 Rxb6 24. Ra1 Rb5 25. Kf1 f5 26. f3 Ra8
27. e4 fxe4 28. fxe4 Bb3 29. Rc3 a4 30. Rxb3 Rxb3 31. Nxb3 Rf8+ 32. Ke2 axb3
33. Rb1 Rb8 34. Kd3 Kf7 35. Kc3 Kf6 36. Kb2 Ke5 37. Rc1 Rb7 38. Rc4 Kf4 39. g3+
Kg4 40. Rc6 Kh3 41. Rxe6 Kxh2 42. g4 Kg3 43. g5 g6 0-1

[Event "AUT_chT"]
[Site "2005/2006"]
[Date "2005.11.20"]
[Round "3"]
[White "Schweda, Roland"]
[Black "Kaspret, Guido"]
[Result "1/2-1/2"]
[WhiteElo "2416"]
[BlackElo "2295"]
[PlyCount "50"]
[EventDate "2005.10.??"]
[EventType "team"]
[EventRounds "11"]
[EventCountry "AUT"]
[WhiteTeam "Wulkaprodersdorf"]
[BlackTeam "Maria Saal"]
[WhiteTeamCountry "AUT"]
[BlackTeamCountry "AUT"]

1. d4 Nf6 2. c4 g6 3. Nc3 d5 4. cxd5 Nxd5 5. Bd2 Bg7 6. e4 Nxc3 7. Bxc3 O-O 8.
Qd2 Nd7 9. Nf3 Nf6 10. Bd3 c6 11. O-O b6 12. Ne5 Bb7 13. Qe2 Nd7 14. f4 c5 15.
Nxd7 Qxd7 16. d5 e6 17. dxe6 fxe6 18. Bc4 Bd4+ 19. Kh1 Bxc3 20. bxc3 Kh8 21.
Rae1 a6 22. Qg4 Rae8 23. Rd1 Qe7 24. e5 b5 25. Be2 Qd8 1/2-1/2

[Event "AUT_chT"]
[Site "2005/2006"]
[Date "2005.11.20"]
[Round "3"]
[White "Tkachiev, Vladislav"]
[Black "Gustafsson, Jan"]
[Result "1/2-1/2"]
[WhiteElo "2642"]
[BlackElo "2614"]
[PlyCount "45"]
[EventDate "2005.10.??"]
[EventType "team"]
[EventRounds "11"]
[EventCountry "AUT"]
[WhiteTeam "Sparkasse Schwarzach"]
[BlackTeam "Hohenems"]
[WhiteTeamCountry "AUT"]
[BlackTeamCountry "AUT"]

1. e4 e5 2. Nf3 Nc6 3. Bb5 a6 4. Ba4 Nf6 5. O-O Be7 6. Re1 b5 7. Bb3 O-O 8. a4
b4 9. d3 d6 10. a5 Be6 11. Nbd2 Qc8 12. Nc4 h6 13. c3 bxc3 14. bxc3 Rb8 15. Ba4
Na7 16. Ne3 Nb5 17. Qc2 c5 18. Nd2 Bd8 19. Ndc4 Bc7 20. Bd2 Qd8 21. h3 Re8 22.
Rab1 d5 23. exd5 1/2-1/2

[Event "AUT_chT"]
[Site "2005/2006"]
[Date "2005.11.20"]
[Round "3"]
[White "Baramidze, David"]
[Black "Hertneck, Gerald"]
[Result "1-0"]
[WhiteElo "2554"]
[BlackElo "2535"]
[PlyCount "93"]
[EventDate "2005.10.??"]
[EventType "team"]
[EventRounds "11"]
[EventCountry "AUT"]
[WhiteTeam "Hohenems"]
[BlackTeam "Sparkasse Schwarzach"]
[WhiteTeamCountry "AUT"]
[BlackTeamCountry "AUT"]

1. e4 e6 2. d4 d5 3. Nc3 Nf6 4. e5 Nfd7 5. f4 c5 6. Nf3 Nc6 7. Ne2 Be7 8. c3
O-O 9. a3 a5 10. g3 f5 11. Be3 a4 12. dxc5 Nxc5 13. Ned4 Bd7 14. Be2 Na5 15.
Nd2 Rb8 16. c4 dxc4 17. Nxc4 Nab3 18. Rb1 Nxd4 19. Qxd4 Nb3 20. Qb6 Bc6 21. Rg1
Qxb6 22. Bxb6 Bc5 23. Bxc5 Nxc5 24. Nd6 Ne4 25. Nxe4 Bxe4 26. Rd1 b5 27. Rd2
Rfc8 28. Kf2 b4 29. axb4 Rxb4 30. Rgd1 Bc2 31. Ba6 Rc7 32. Rd8+ Kf7 33. R1d7+
Rxd7 34. Rxd7+ Kf8 35. Rb7 Rd4 36. Ke3 Rd1 37. Bc4 Be4 38. Ra7 Rb1 39. Rxa4
Rxb2 40. Bxe6 Rxh2 41. Ra7 g6 42. Bc4 Rc2 43. Kd4 Rd2+ 44. Kc5 Rc2 45. e6 h5
46. Kd4 Bc6 47. Rc7 1-0

[Event "AUT_chT"]
[Site "2005/2006"]
[Date "2005.11.20"]
[Round "3"]
[White "Zelcic, Robert"]
[Black "Atlas, Valeri"]
[Result "1/2-1/2"]
[WhiteElo "2514"]
[BlackElo "2480"]
[PlyCount "94"]
[EventDate "2005.10.??"]
[EventType "team"]
[EventRounds "11"]
[EventCountry "AUT"]
[WhiteTeam "Sparkasse Schwarzach"]
[BlackTeam "Hohenems"]
[WhiteTeamCountry "AUT"]
[BlackTeamCountry "AUT"]

1. e4 c5 2. Nf3 e6 3. d4 cxd4 4. Nxd4 Nf6 5. Nc3 d6 6. Be2 a6 7. f4 Nbd7 8. Bf3
g6 9. O-O Bg7 10. Kh1 O-O 11. Nb3 Qc7 12. a4 Nb6 13. Nd2 e5 14. a5 Nbd7 15. f5
b5 16. axb6 Nxb6 17. fxg6 hxg6 18. Na4 Nfd7 19. Nxb6 Nxb6 20. Nb1 Be6 21. Bg5
a5 22. Nc3 a4 23. Be2 Rfc8 24. Bg4 Bxg4 25. Qxg4 a3 26. Nb5 Qxc2 27. bxa3 Qc6
28. Rab1 d5 29. Qf3 Qe6 30. Nd6 dxe4 31. Qf2 Nc4 32. Nxc8 Rxc8 33. Rb7 Nd6 34.
Rb6 Qd5 35. Rxd6 Qxd6 36. Qxf7+ Kh8 37. Be7 Qd3 38. h3 e3 39. Bb4 Rc7 40. Qf3
e4 41. Qf4 Kg8 42. Re1 Rf7 43. Qg3 Kh7 44. Rxe3 Qf1+ 45. Kh2 Bh6 46. Rxe4 Bf4
47. Rxf4 Qxf4 1/2-1/2